<?xml version="1.0" encoding="UTF-8"?>
<record
    xmlns:xsi="http://www.w3.org/2001/XMLSchema-instance"
    xsi:schemaLocation="http://www.loc.gov/MARC21/slim http://www.loc.gov/standards/marcxml/schema/MARC21slim.xsd"
    xmlns="http://www.loc.gov/MARC21/slim">

  <leader>00509nam a22001817a 4500</leader>
  <datafield tag="999" ind1=" " ind2=" ">
    <subfield code="c">58221</subfield>
    <subfield code="d">58221</subfield>
  </datafield>
  <controlfield tag="005">20210921142746.0</controlfield>
  <controlfield tag="008">210921s2009    sp ||||| |||| 00| 0 spa d</controlfield>
  <datafield tag="020" ind1=" " ind2=" ">
    <subfield code="a">9788764917734</subfield>
  </datafield>
  <datafield tag="041" ind1=" " ind2=" ">
    <subfield code="a">spa</subfield>
  </datafield>
  <datafield tag="080" ind1=" " ind2=" ">
    <subfield code="a">299.925 H-88</subfield>
  </datafield>
  <datafield tag="100" ind1=" " ind2=" ">
    <subfield code="a"> Hubbard, L. Ron</subfield>
    <subfield code="9">12506</subfield>
  </datafield>
  <datafield tag="245" ind1=" " ind2=" ">
    <subfield code="a">Vet&#xEB; analiza</subfield>
    <subfield code="c">L. Ron Hubbard.</subfield>
  </datafield>
  <datafield tag="264" ind1=" " ind2=" ">
    <subfield code="a">Smedeland,</subfield>
    <subfield code="c">2009.</subfield>
  </datafield>
  <datafield tag="300" ind1=" " ind2=" ">
    <subfield code="a">375 p. </subfield>
    <subfield code="b">ilustr. </subfield>
    <subfield code="c">24 cm.</subfield>
  </datafield>
  <datafield tag="653" ind1=" " ind2=" ">
    <subfield code="a"> Levizjet shpirtrore</subfield>
  </datafield>
  <datafield tag="653" ind1=" " ind2=" ">
    <subfield code="a">&#x10E1;&#x10E3;&#x10DA;&#x10D8;&#x10D4;&#x10E0;&#x10D8; &#x10DB;&#x10DD;&#x10EB;&#x10E0;&#x10D0;&#x10DD;&#x10D1;&#x10D4;&#x10D1;&#x10D8;</subfield>
  </datafield>
  <datafield tag="942" ind1=" " ind2=" ">
    <subfield code="2">udc</subfield>
    <subfield code="c">BK</subfield>
  </datafield>
  <datafield tag="952" ind1=" " ind2=" ">
    <subfield code="0">0</subfield>
    <subfield code="1">0</subfield>
    <subfield code="2">udc</subfield>
    <subfield code="4">0</subfield>
    <subfield code="6">299925_H88</subfield>
    <subfield code="7">0</subfield>
    <subfield code="9">90813</subfield>
    <subfield code="a">CPL</subfield>
    <subfield code="b">CPL</subfield>
    <subfield code="c">GEN</subfield>
    <subfield code="d">2021-09-21</subfield>
    <subfield code="g">8.00</subfield>
    <subfield code="o">299.925 H-88</subfield>
    <subfield code="p">61703</subfield>
    <subfield code="r">2021-09-21</subfield>
    <subfield code="t">61703</subfield>
    <subfield code="w">2021-09-21</subfield>
    <subfield code="y">BK</subfield>
    <subfield code="z">8 &#x10DA;.</subfield>
  </datafield>
</record>
